[Event "Modra Slovakia op"]
[Site "Modra"]
[Date "2024.03.05"]
[Round "8"]
[White "Fratric, Jakub"]
[Black "Banas, Samuel"]
[Result "1-0"]
[WhiteElo "1750"]
[BlackElo "1733"]
[PlyCount "35"]
[EventDate "2024.03.01"]
[EventType "swiss"]
[EventRounds "9"]
[EventCountry "SVK"]
[SourceTitle "CBM 219 Extra"]
[Source "ChessBase"]
[SourceDate "2024.05.31"]
[SourceVersion "1"]
[SourceVersionDate "2024.05.31"]
[SourceQuality "1"]

1. e4 e5 2. Nf3 Nc6 3. Bb5 a6 4. Ba4 Nf6 5. 0-0 Be7 6. Re1 b5 7. Bb3 0-0 8. a4 b4 9. d3 h6 10. Nbd2 Re8 11. Nf1 Bb7 12. Ng3 d5 13. exd5 Nxd5 14. Nxe5 Nd4 15. Qg4 Nxb3 16. Nf5 Bf6 17. Bxh6 g6 18. Nxg6 1-0

[Event "SVK-ch U08"]
[Site "Liptovsky Mikulas"]
[Date "2018.04.24"]
[Round "6"]
[White "Elias, Simon"]
[Black "Banas, Samuel"]
[Result "0-1"]
[WhiteElo "1036"]
[BlackElo "1063"]
[PlyCount "60"]
[EventDate "2018.04.21"]
[EventType "swiss"]
[EventRounds "9"]
[EventCountry "SVK"]
[SourceTitle "CBM 184 Extra"]
[Source "ChessBase"]
[SourceDate "2018.06.28"]
[SourceVersion "1"]
[SourceVersionDate "2018.06.28"]
[SourceQuality "1"]

1. d4 d5 2. c4 c6 3. Nc3 Nf6 4. Bg5 e6 5. e3 g6 6. Nf3 Bg7 7. Bd3 0-0 8. 0-0 Re8 9. e4 Qd7 10. e5 Ne4 11. Nxe4 dxe4 12. Bxe4 f5 13. Bd3 b6 14. Qd2 Kh8 15. Bh6 Na6 16. Bg5 c5 17. dxc5 Nxc5 18. Bc2 Qxd2 19. Nxd2 Bxe5 20. Rfe1 Bxb2 21. Rab1 Bc3 22. h4 Ba6 23. Bb3 Kg7 24. Kh2 h6 25. Be3 Red8 26. Rbd1 Rd7 27. Kg3 Rad8 28. Re2 Be5+ 29. Kf3 Bb7+ 30. Ne4 Bxe4# 0-1

[Event "SVK-ch U08"]
[Site "Liptovsky Mikulas"]
[Date "2017.04.28"]
[Round "9"]
[White "Jura, Michal"]
[Black "Banas, Samuel"]
[Result "0-1"]
[WhiteElo "1000"]
[BlackElo "1000"]
[PlyCount "64"]
[EventDate "2017.04.22"]
[EventType "swiss"]
[EventRounds "9"]
[EventCountry "SVK"]
[SourceTitle "CBM 178 Extra"]
[Source "ChessBase"]
[SourceDate "2017.06.22"]
[SourceVersion "1"]
[SourceVersionDate "2017.06.22"]
[SourceQuality "1"]

1. b3 e6 2. Bb2 d5 3. e3 Nf6 4. c4 Nc6 5. cxd5 exd5 6. Nf3 Bf5 7. Bb5 g6 8. Nd4 Bd7 9. Na3 Bg7 10. Rc1 Ne7 11. Bxd7+ Qxd7 12. Nab5 Rc8 13. Nxa7 Ra8 14. Ndb5 0-0 15. Rxc7 Qd8 16. Qa1 Nf5 17. Rxb7 Re8 18. Nc6 Qc8 19. Rc7 Qe6 20. Rb7 Qxc6 21. Ra7 Qxb5 22. Rxa8 Rxa8 23. Bxf6 Bxf6 24. Qxf6 Rc8 25. Qb2 d4 26. a4 Qa6 27. Qa3 Ne7 28. exd4 Kg7 29. b4 Qc4 30. Rf1 Nf5 31. d5 Nd4 32. Qa1 Qe2# 0-1

[Event "SVK-ch U08"]
[Site "Liptovsky Mikulas"]
[Date "2017.04.23"]
[Round "3"]
[White "Hudak, Michal"]
[Black "Banas, Samuel"]
[Result "1-0"]
[WhiteElo "1000"]
[BlackElo "1000"]
[PlyCount "79"]
[EventDate "2017.04.22"]
[EventType "swiss"]
[EventRounds "9"]
[EventCountry "SVK"]
[SourceTitle "CBM 178 Extra"]
[Source "ChessBase"]
[SourceDate "2017.06.22"]
[SourceVersion "1"]
[SourceVersionDate "2017.06.22"]
[SourceQuality "1"]

1. e4 c5 2. c4 Nc6 3. Nc3 g6 4. g3 Bg7 5. Bg2 d6 6. Nge2 Nf6 7. 0-0 0-0 8. d3 Bg4 9. Qd2 Qd7 10. Qc2 Bh3 11. Nf4 Bxg2 12. Nxg2 Nd4 13. Qd1 Rfe8 14. Be3 Rad8 15. Qd2 e5 16. f3 a6 17. Rf2 b5 18. b3 b4 19. Ne2 a5 20. Nxd4 cxd4 21. Bh6 Bh8 22. Raf1 Re6 23. h3 Rde8 24. f4 Rb8 25. fxe5 dxe5 26. g4 a4 27. Bg5 a3 28. Bxf6 Bxf6 29. Rxf6 Rbb6 30. Rxf7 Re7 31. Rxe7 Qxe7 32. h4 Qe6 33. Qf2 Rb8 34. Qg3 Qe7 35. g5 Qe6 36. Rf6 Qe7 37. Qf3 h5 38. gxh6 Qh7 39. Qg4 Qxh6 40. Rxg6+ 1-0